000 00223nam a22000857a 4500
008 250723b |||||||| |||| 00| 0 eng d
100 _aOswaal
_97599
245 _aOne for all Question Bank Science-7
260 _aNew Delhi
_bOswaal
999 _c12791
_d12791